000 00264nam a2200097Ia 4500
082 _aEJF|MARS
245 0 _aDisney Bolt
100 _a Marsoli, Lisa Ann, , 1958- Bath, [England], 2009
_965753
942 _cBK
008 210817s9999 xx 000 0 und d
999 _c210360
_d210359